Statistics for Click the Ariana Grande Song Title Ending

Click here to take the quiz!

General Stats

  • This quiz has been taken 106 times
    (39 since last reset)
  • The average score is 13 of 14

Answer Stats

HintAnswer% Correct
The Light IsComing
97%
BreakFree
97%
Love MeHarder
97%
DangerousWoman
97%
HoneymoonAvenue
93%
No Tears Left ToCry
93%
In MyHead
93%
7Rings
93%
WestSide
93%
Just LikeMagic
90%
Thank U,Next
90%
Stuck withU
90%
SafetyNet
86%
MyHair
83%

Score Distribution

Percentile by Number Answered

Percent of People with Each Score

Your Score History

You have not taken this quiz since the last reset